00383nam a2200133Ia 4500100001700000942000700017654001000024245004300034260001900077082001700096546001200113999001700125952010700142 aPalan/ N.G.  cBK alogic aLogic circuits (Digital Electronics) bTechnovac1998 a621.395bPAL aENGLISH c29655d29655 001040708CRCaCRCEbCRCEd2023-03-17l1o621.395 PALp12177r2024-08-03s2024-07-16w2023-03-17yBK